[Event "Skakligaen 2023-24"]
[Site "Denmark"]
[Date "2024.04.06"]
[Round "8.3"]
[Board "3"]
[White "Andersen, Mads"]
[Black "Smith, Axel"]
[Result "1-0"]
[WhiteElo "2598"]
[BlackElo "2428"]
[PlyCount "73"]
[WhiteTeam "Skanderborg"]
[BlackTeam "Koge"]
[WhiteTeamCountry "DEN"]
[BlackTeamCountry "DEN"]
[EventDate "2023.10.28"]
[EventType "team-tourn"]
[EventRounds "9"]
[EventCountry "DEN"]
[SourceTitle "Live v. Kasper Jerwiarz"]
[Table "3"]

1. e4 c5 2. Nf3 g6 3. c3 Bg7 4. d4 cxd4 5. cxd4 d5 
6. e5 Nc6 7. Bb5 Nh6 8. O-O O-O 9. h3 f6 10. Nc3 fxe5 
11. dxe5 d4 12. Bxc6 dxc3 13. Bd5+ e6 14. Bb3 Qxd1 15. Rxd1 Nf7 
16. bxc3 Nxe5 17. Nxe5 Bxe5 18. Ba3 Rf7 19. Rd8+ Kg7 20. Bxe6 Rc7 
21. Re1 Bxc3 22. Rc1 b5 23. Bd6 Bxe6 24. Rxa8 Rc6 25. Be5+ Bxe5 
26. Rxc6 Bxa2 27. Rxa7+ Bf7 28. Rb7 b4 29. Re6 Bf6 30. Rd6 b3 
31. Rdd7 Kh6 32. Rxf7 b2 33. Rxf6 b1=Q+ 34. Rxb1 Kh5 35. Rb5+ g5 
36. g4+ Kh4 37. Rh6# 1-0

[Event "Skakligaen 2023-24"]
[Site "Denmark"]
[Date "2024.04.06"]
[Round "8.4"]
[Board "4"]
[White "Ahlander, Bjorn"]
[Black "Olsen, Filip Boe"]
[Result "1/2-1/2"]
[WhiteElo "2371"]
[BlackElo "2440"]
[PlyCount "52"]
[WhiteTeam "Koge"]
[BlackTeam "Skanderborg"]
[WhiteTeamCountry "DEN"]
[BlackTeamCountry "DEN"]
[EventDate "2023.10.28"]
[EventType "team-tourn"]
[EventRounds "9"]
[EventCountry "DEN"]
[SourceTitle "Live v. Kasper Jerwiarz"]
[Table "4"]

1. d4 d5 2. c4 e6 3. Nc3 c5 4. cxd5 exd5 5. Nf3 Nf6 
6. g3 Nc6 7. Bg2 cxd4 8. Nxd4 Bc5 9. Nb3 Bb6 10. O-O d4 
11. Na4 O-O 12. Bg5 Re8 13. Re1 h6 14. Bxf6 Qxf6 15. Nxb6 axb6 
16. Bxc6 bxc6 17. Qxd4 Qd8 18. Qxd8 Rxd8 19. Rad1 Rxd1 20. Rxd1 Be6 
21. Nc1 Bxa2 22. Nxa2 Rxa2 23. Rd8+ Kh7 24. Rd6 Rxb2 25. Rxc6 Rxe2 
26. Rxb6 g6 1/2-1/2

[Event "Skakligaen 2023-24"]
[Site "Denmark"]
[Date "2024.04.06"]
[Round "8.5"]
[Board "5"]
[White "Pajeken, Jakob Leon"]
[Black "Istvanovszki, Martin"]
[Result "1/2-1/2"]
[WhiteElo "2423"]
[BlackElo "2309"]
[PlyCount "34"]
[WhiteTeam "Skanderborg"]
[BlackTeam "Koge"]
[WhiteTeamCountry "DEN"]
[BlackTeamCountry "DEN"]
[EventDate "2023.10.28"]
[EventType "team-tourn"]
[EventRounds "9"]
[EventCountry "DEN"]
[SourceTitle "Live v. Kasper Jerwiarz"]
[Table "5"]

1. e4 c5 2. Nf3 d6 3. d4 cxd4 4. Nxd4 Nf6 5. Nc3 g6 
6. Be3 Nc6 7. f3 h5 8. Bc4 Bd7 9. Qd2 Nxd4 10. Bxd4 Bh6 
11. Qf2 O-O 12. O-O a6 13. a4 Rc8 14. Bb3 e5 15. Bb6 Qe7 
16. Rfd1 Be6 17. Qe2 h4 1/2-1/2

[Event "Skakligaen 2023-24"]
[Site "Denmark"]
[Date "2024.04.06"]
[Round "8.6"]
[Board "6"]
[White "Meskenas, Paulius"]
[Black "Pedersen, Nicolai Vesterbaek"]
[Result "1/2-1/2"]
[WhiteElo "2181"]
[BlackElo "2344"]
[PlyCount "102"]
[WhiteTeam "Koge"]
[BlackTeam "Skanderborg"]
[WhiteTeamCountry "DEN"]
[BlackTeamCountry "DEN"]
[EventDate "2023.10.28"]
[EventType "team-tourn"]
[EventRounds "9"]
[EventCountry "DEN"]
[SourceTitle "Live v. Kasper Jerwiarz"]
[Table "6"]

1. e4 c6 2. d4 d5 3. Nc3 dxe4 4. Nxe4 Nf6 5. Nxf6+ exf6 
6. c3 Bd6 7. Bd3 O-O 8. Qc2 Re8+ 9. Ne2 h5 10. O-O h4 
11. h3 Na6 12. f4 c5 13. d5 Bd7 14. a4 Nc7 15. Qb3 f5 
16. Kh1 Rb8 17. c4 Na6 18. Ng1 Nb4 19. Be2 Qf6 20. Bf3 g5 
21. Bd2 g4 22. Bc3 Qh6 23. Be2 Re3 24. Qd1 Rbe8 25. Bd2 gxh3 
26. gxh3 Bxf4 27. Bxe3 Bxe3 28. Ra3 Bd4 29. Raf3 Bxb2 30. Rxf5 Bxf5 
31. Rxf5 Re5 32. Qf1 Qg6 33. Rf4 Bd4 34. Nf3 Re4 35. Rxh4 f5 
36. Rxe4 fxe4 37. Nh4 Qg5 38. Nf5 Nc2 39. Bg4 Be5 40. d6 Qd2 
41. Ng3 Qxd6 42. Nxe4 Qh6 43. Nxc5 Nd4 44. Nxb7 Qd2 45. Qg1 Kh7 
46. Nc5 Qc2 47. Bh5 Ne2 48. Bxe2 Qxe2 49. Ne6 Qf3+ 50. Qg2 Qd1+ 
51. Qg1 Qf3+ 1/2-1/2

[Event "Skakligaen 2023-24"]
[Site "Denmark"]
[Date "2024.04.06"]
[Round "8.7"]
[Board "7"]
[White "Boe, Mads"]
[Black "Jorgensen, Brian"]
[Result "1/2-1/2"]
[WhiteElo "2288"]
[BlackElo "2257"]
[PlyCount "73"]
[WhiteTeam "Skanderborg"]
[BlackTeam "Koge"]
[WhiteTeamCountry "DEN"]
[BlackTeamCountry "DEN"]
[EventDate "2023.10.28"]
[EventType "team-tourn"]
[EventRounds "9"]
[EventCountry "DEN"]
[SourceTitle "Live v. Kasper Jerwiarz"]
[Table "7"]

1. e4 c5 2. c3 d5 3. exd5 Qxd5 4. d4 e6 5. Nf3 Nf6 
6. Bd3 Nc6 7. O-O Be7 8. c4 Qd8 9. dxc5 Bxc5 10. Nc3 Nb4 
11. Bb1 Qxd1 12. Rxd1 Nc6 13. a3 O-O 14. b4 Be7 15. Ra2 Bd7 
16. Bf4 Rfc8 17. Rad2 Be8 18. Nb5 Rd8 19. Nd6 Nh5 20. Be3 b6 
21. c5 Nf6 22. Ba2 bxc5 23. Bxc5 Bxd6 24. Bxd6 Ne4 25. Rd3 Nxd6 
26. Rxd6 Rxd6 27. Rxd6 Kf8 28. Kf1 Ke7 29. Rd2 Rb8 30. Bc4 f6 
31. Nd4 Nxd4 32. Rxd4 Rc8 33. Be2 Rc1+ 34. Rd1 Rc3 35. Rd3 Rc1+ 
36. Rd1 Rc3 37. Rd3 1/2-1/2

[Event "Skakligaen 2023-24"]
[Site "Denmark"]
[Date "2024.04.06"]
[Round "8.8"]
[Board "8"]
[White "Nord, Alexander"]
[Black "Brondt, Nicolai Kvist"]
[Result "1-0"]
[WhiteElo "2222"]
[BlackElo "2246"]
[PlyCount "63"]
[WhiteTeam "Koge"]
[BlackTeam "Skanderborg"]
[WhiteTeamCountry "DEN"]
[BlackTeamCountry "DEN"]
[EventDate "2023.10.28"]
[EventType "team-tourn"]
[EventRounds "9"]
[EventCountry "DEN"]
[SourceTitle "Live v. Kasper Jerwiarz"]
[Table "8"]

1. e4 c5 2. Nf3 e6 3. d4 cxd4 4. Nxd4 Nc6 5. Nc3 Qc7 
6. g3 a6 7. Bg2 d6 8. Nxc6 bxc6 9. O-O Nf6 10. Na4 Bb7 
11. c4 c5 12. Qe2 Be7 13. b3 O-O 14. Bb2 Rfd8 15. Rae1 Nd7 
16. f4 Bf6 17. Bxf6 Nxf6 18. Nc3 Nd7 19. g4 Re8 20. g5 Nb8 
21. Qh5 Qe7 22. f5 Nd7 23. f6 g6 24. Qh4 Qf8 25. Re3 Ne5 
26. Rh3 h6 27. Rf4 h5 28. Ne2 Kh7 29. Ng3 Qh8 30. Nxh5 Kg8 
31. Ng3 Qxh4 32. Rfxh4 1-0

[Event "Skakligaen 2023-24"]
[Site "Denmark"]
[Date "2024.04.06"]
[Round "8.1"]
[Board "1"]
[White "Haubro, Martin"]
[Black "Hillarp Persson, Tiger"]
[Result "0-1"]
[WhiteElo "2437"]
[BlackElo "2477"]
[PlyCount "94"]
[WhiteTeam "BMS"]
[BlackTeam "Bronshoj"]
[WhiteTeamCountry "DEN"]
[BlackTeamCountry "DEN"]
[EventDate "2023.10.28"]
[EventType "team-tourn"]
[EventRounds "9"]
[EventCountry "DEN"]
[SourceTitle "Live v. Kasper Jerwiarz"]
[Table "1"]

1. e4 c5 2. Nf3 d6 3. d4 cxd4 4. Nxd4 Nf6 5. Nc3 a6 
6. h3 e5 7. Nb3 Be6 8. f4 b5 9. f5 Bc8 10. Qf3 Bb7 
11. Bg5 Be7 12. Bxf6 Bxf6 13. O-O-O O-O 14. Kb1 b4 15. Nd5 a5 
16. h4 a4 17. Nc1 Bxd5 18. Rxd5 Nc6 19. g4 Nd4 20. Qd3 Rc8 
21. g5 Be7 22. Rg1 f6 23. g6 Nxc2 24. gxh7+ Kh8 25. Qg3 Rf7 
26. Qg6 Qc7 27. Bd3 Bf8 28. Qg3 a3 29. Ne2 axb2 30. Kxb2 Na3 
31. Rc1 Qb8 32. Rxc8 Qxc8 33. Qe3 Rc7 34. Kb3 Rc3+ 35. Nxc3 Qxc3+ 
36. Ka4 Nc4 37. Qf2 Nb2+ 38. Kb5 Nxd3 39. Qa7 b3 40. Qf7 Kxh7 
41. axb3 Qxb3+ 42. Ka5 Qb4+ 43. Ka6 Qxe4 44. Kb6 Qc4 45. Qh5+ Kg8 
46. Rb5 Qc8 47. Qf3 Nf4 0-1

[Event "Skakligaen 2023-24"]
[Site "Denmark"]
[Date "2024.04.06"]
[Round "8.2"]
[Board "2"]
[White "Vasli, Aref"]
[Black "Kistrup, Nicolai"]
[Result "0-1"]
[WhiteElo "2394"]
[BlackElo "2307"]
[PlyCount "158"]
[WhiteTeam "Bronshoj"]
[BlackTeam "BMS"]
[WhiteTeamCountry "DEN"]
[BlackTeamCountry "DEN"]
[EventDate "2023.10.28"]
[EventType "team-tourn"]
[EventRounds "9"]
[EventCountry "DEN"]
[SourceTitle "Live v. Kasper Jerwiarz"]
[Table "2"]

1. e4 c5 2. Nf3 d6 3. Bb5+ Nd7 4. Ba4 Ngf6 5. O-O e6 
6. Re1 a6 7. c3 b5 8. Bc2 Bb7 9. d4 Be7 10. Nbd2 Qc7 
11. Nf1 O-O 12. Ng3 a5 13. Bg5 Rfc8 14. Rc1 h6 15. Bf4 cxd4 
16. cxd4 Qd8 17. Qe2 b4 18. Bd3 Rxc1 19. Bxc1 Rc8 20. h3 Bf8 
21. Bd2 g6 22. h4 Bg7 23. Bf4 Qe7 24. Ba6 Bxa6 25. Qxa6 Rc2 
26. Bxd6 Qd8 27. Re2 Rc1+ 28. Nf1 Nb8 29. Bxb8 Qxb8 30. Qxa5 Qb7 
31. N3d2 Ng4 32. Nb3 Rd1 33. f3 Nh2 34. Qd8+ Kh7 35. Kxh2 Rxf1 
36. Qa5 Qe7 37. g3 Rxf3 38. Kg2 Rd3 39. Qb5 Rd1 40. Qc4 Qf6 
41. Rf2 Qe7 42. Qe2 Rb1 43. Qd3 Re1 44. Nc5 Qa7 45. Qd2 Ra1 
46. b3 e5 47. Qxb4 Rxa2 48. Nd3 exd4 49. Qc4 f5 50. Qd5 fxe4 
51. Qxe4 Rxf2+ 52. Nxf2 Qa2 53. Qd3 Qa8+ 54. Ne4 Qa2+ 55. Kh3 Qa1 
56. Kg2 Qa2+ 57. Kf3 Qa1 58. Nf2 Qa8+ 59. Qe4 Qa2 60. b4 Qb3+ 
61. Nd3 h5 62. Kg2 Qc2+ 63. Kh3 Qc8+ 64. Kg2 Qc2+ 65. Kf1 Qb1+ 
66. Kf2 Qa2+ 67. Qe2 Qf7+ 68. Kg1 Bh6 69. Kh2 Be3 70. Ne5 Qe8 
71. Nf3 Qc6 72. b5 Qb7 73. Ne1 Qe4 74. Qf1 Kg7 75. Nd3 Qb7 
76. Qb1 Qb6 77. Qc2 Qxb5 78. Qc7+ Kh6 79. Ne5 Qe2+ 0-1

[Event "Skakligaen 2023-24"]
[Site "Denmark"]
[Date "2024.04.06"]
[Round "8.3"]
[Board "3"]
[White "Jacobsen, Mikkel Manosri"]
[Black "Aabling Thomsen, Jakob"]
[Result "1-0"]
[WhiteElo "2342"]
[BlackElo "2347"]
[PlyCount "65"]
[WhiteTeam "BMS"]
[BlackTeam "Bronshoj"]
[WhiteTeamCountry "DEN"]
[BlackTeamCountry "DEN"]
[EventDate "2023.10.28"]
[EventType "team-tourn"]
[EventRounds "9"]
[EventCountry "DEN"]
[SourceTitle "Live v. Kasper Jerwiarz"]
[Table "3"]

1. c4 Nf6 2. g3 e5 3. Bg2 g6 4. Nc3 Bg7 5. d3 O-O 
6. e3 c6 7. e4 d6 8. Nge2 Be6 9. O-O Qd7 10. f4 Bh3 
11. f5 Bxg2 12. Kxg2 d5 13. Bg5 d4 14. Na4 Na6 15. c5 h6 
16. Bd2 Kh7 17. h3 Rg8 18. g4 g5 19. Ng3 Bf8 20. Rc1 Be7 
21. Rh1 Kg7 22. h4 Kf8 23. hxg5 hxg5 24. Rh6 Ke8 25. Kf3 Qc7 
26. Qb3 Nb8 27. Rch1 Nbd7 28. Rh8 Nf8 29. Nh5 N8d7 30. Nxf6+ Nxf6 
31. Bxg5 Kd7 32. Bxf6 Rxh8 33. Bxh8 1-0

[Event "Skakligaen 2023-24"]
[Site "Denmark"]
[Date "2024.04.06"]
[Round "8.4"]
[Board "4"]
[White "Bromann, Thorbjorn"]
[Black "Rostgaard, Tobias Valentin"]
[Result "0-1"]
[WhiteElo "2372"]
[BlackElo "2323"]
[PlyCount "86"]
[WhiteTeam "Bronshoj"]
[BlackTeam "BMS"]
[WhiteTeamCountry "DEN"]
[BlackTeamCountry "DEN"]
[EventDate "2023.10.28"]
[EventType "team-tourn"]
[EventRounds "9"]
[EventCountry "DEN"]
[SourceTitle "Live v. Kasper Jerwiarz"]
[Table "4"]

1. b3 d5 2. Bb2 c5 3. e3 Nf6 4. Nf3 Nbd7 5. c4 dxc4 
6. Bxc4 e6 7. O-O Be7 8. d4 O-O 9. dxc5 Nxc5 10. Qc2 Bd7 
11. Rd1 Qe8 12. Ng5 g6 13. Nd2 Rc8 14. Qc3 Bc6 15. a4 h6 
16. Ngf3 a6 17. Qe5 Kh7 18. Rac1 Rd8 19. Bd4 Ncd7 20. Qg3 Nh5 
21. Qh3 Ng7 22. e4 Nh5 23. Be3 e5 24. Bxa6 Ba3 25. Ra1 bxa6 
26. Rxa3 Ndf6 27. Bc5 Bd7 28. Qh4 g5 29. Nxg5+ hxg5 30. Qxg5 Rg8 
31. Qe3 Nf4 32. g3 Bg4 33. f3 Rd3 34. Qe1 Bxf3 35. Nxf3 Rxf3 
36. Rd6 Qc8 37. Be3 Qh3 38. Bxf4 exf4 39. Rxf6 Rgxg3+ 40. hxg3 Rxg3+ 
41. Qxg3 Qxg3+ 42. Kf1 Qd3+ 43. Kg2 Qc2+ 0-1

[Event "Skakligaen 2023-24"]
[Site "Denmark"]
[Date "2024.04.06"]
[Round "8.5"]
[Board "5"]
[White "Haubro, Sigfred"]
[Black "Falkesgaard, Jeppe Hald"]
[Result "0-1"]
[WhiteElo "2131"]
[BlackElo "2202"]
[PlyCount "98"]
[WhiteTeam "BMS"]
[BlackTeam "Bronshoj"]
[WhiteTeamCountry "DEN"]
[BlackTeamCountry "DEN"]
[EventDate "2023.10.28"]
[EventType "team-tourn"]
[EventRounds "9"]
[EventCountry "DEN"]
[SourceTitle "Live v. Kasper Jerwiarz"]
[Table "5"]

1. b3 d5 2. Bb2 c5 3. e3 Nc6 4. Nf3 Nf6 5. Be2 e6 
6. O-O Be7 7. d4 cxd4 8. exd4 O-O 9. Nbd2 b6 10. Rc1 Bb7 
11. c4 Rc8 12. a3 Qc7 13. Bd3 Rfd8 14. Qe2 Qf4 15. c5 bxc5 
16. dxc5 a5 17. Ne5 d4 18. Nxc6 Bxc6 19. b4 axb4 20. axb4 Ng4 
21. g3 Qh6 22. f3 Nxh2 23. Rf2 Ng4 24. Rg2 Bg5 25. f4 Bxg2 
26. Qxg2 Be7 27. Nc4 Ne3 28. Qf3 Nd5 29. Nb6 Nxb6 30. cxb6 Rxc1+ 
31. Bxc1 Bxb4 32. b7 e5 33. Kg2 Qb6 34. fxe5 g6 35. Bg5 Rd7 
36. Be4 Be7 37. e6 fxe6 38. Bf4 Rd8 39. Qd3 Bd6 40. Bg5 Rb8 
41. Qc4 Bc7 42. Kh3 Kg7 43. Qf1 Be5 44. Qc1 Qc7 45. Bh6+ Kg8 
46. Qa3 Qc3 47. Bc1 Qxa3 48. Bxa3 d3 49. Bc1 Bc3 0-1

[Event "Skakligaen 2023-24"]
[Site "Denmark"]
[Date "2024.04.06"]
[Round "8.6"]
[Board "6"]
[White "Andreasen, Henrik"]
[Black "Vesterli, Michael E"]
[Result "1-0"]
[WhiteElo "2178"]
[BlackElo "2207"]
[PlyCount "77"]
[WhiteTeam "Bronshoj"]
[BlackTeam "BMS"]
[WhiteTeamCountry "DEN"]
[BlackTeamCountry "DEN"]
[EventDate "2023.10.28"]
[EventType "team-tourn"]
[EventRounds "9"]
[EventCountry "DEN"]
[SourceTitle "Live v. Kasper Jerwiarz"]
[Table "6"]

1. d4 Nf6 2. c4 g6 3. Nc3 Bg7 4. e4 d6 5. Nge2 O-O 
6. Ng3 c5 7. d5 e6 8. Be2 exd5 9. cxd5 a6 10. a4 Nbd7 
11. O-O Qc7 12. Be3 Rb8 13. Qd2 Re8 14. Rfc1 Qd8 15. f3 Ne5 
16. h3 h5 17. Nh1 c4 18. a5 b5 19. axb6 Nfd7 20. f4 Nd3 
21. Bxd3 cxd3 22. Nf2 Nc5 23. Bxc5 dxc5 24. Na4 Bd4 25. Qxd3 f5 
26. Nxc5 Bxb2 27. d6 Bxa1 28. Qd5+ Kg7 29. Rxa1 Rxb6 30. d7 Re7 
31. Rd1 Bxd7 32. Nxd7 Rb4 33. exf5 gxf5 34. Qxf5 Qe8 35. Qg5+ Kf7 
36. Qxh5+ Kg7 37. Qg5+ Kh8 38. Qh6+ Rh7 39. Qxh7+ 1-0

[Event "Skakligaen 2023-24"]
[Site "Denmark"]
[Date "2024.04.06"]
[Round "8.7"]
[Board "7"]
[White "Akdag, Dara Sevkan"]
[Black "Thuesen, Mogens Henrik"]
[Result "0-1"]
[WhiteElo "2176"]
[BlackElo "2154"]
[PlyCount "94"]
[WhiteTeam "BMS"]
[BlackTeam "Bronshoj"]
[WhiteTeamCountry "DEN"]
[BlackTeamCountry "DEN"]
[EventDate "2023.10.28"]
[EventType "team-tourn"]
[EventRounds "9"]
[EventCountry "DEN"]
[SourceTitle "Live v. Kasper Jerwiarz"]
[Table "7"]

1. f4 d5 2. Nf3 g6 3. g3 Bg7 4. Bg2 Nf6 5. O-O O-O 
6. d3 c5 7. c3 Nc6 8. a4 Rb8 9. Qe1 d4 10. Na3 Na5 
11. b4 Nb3 12. Rb1 Nxc1 13. Rxc1 Nd5 14. cxd4 cxd4 15. Nc2 b5 
16. a5 Bb7 17. Qf2 Ne3 18. Nxe3 dxe3 19. Qxe3 Bxf3 20. Qxf3 Qd4+ 
21. Kh1 Qxb4 22. a6 Qa5 23. Qe3 Qxa6 24. Rc7 e6 25. Rxa7 Qd6 
26. Qd2 Bd4 27. Rb7 Rxb7 28. Bxb7 Qb6 29. Bf3 b4 30. e3 Bxe3 
31. Qb2 b3 32. Rb1 Rb8 33. Bd1 Qc6+ 34. Qg2 Qxg2+ 35. Kxg2 b2 
36. Kf3 Bc1 37. Ke4 Kf8 38. d4 Ke7 39. Kd3 Kd6 40. Kc3 Ra8 
41. Bb3 Ra5 42. h4 h6 43. Bd1 Ra1 44. Bc2 Kd5 45. g4 Ra3+ 
46. Bb3+ Ke4 47. Kb4 Rxb3+ 0-1

[Event "Skakligaen 2023-24"]
[Site "Denmark"]
[Date "2024.04.06"]
[Round "8.8"]
[Board "8"]
[White "Petersen, Steen Brustrup"]
[Black "Brorsen, Jacob Abildlund"]
[Result "1-0"]
[WhiteElo "2071"]
[BlackElo "2138"]
[PlyCount "57"]
[WhiteTeam "Bronshoj"]
[BlackTeam "BMS"]
[WhiteTeamCountry "DEN"]
[BlackTeamCountry "DEN"]
[EventDate "2023.10.28"]
[EventType "team-tourn"]
[EventRounds "9"]
[EventCountry "DEN"]
[SourceTitle "Live v. Kasper Jerwiarz"]
[Table "8"]

1. Nf3 d5 2. c4 c6 3. g3 Nf6 4. Bg2 Nbd7 5. cxd5 cxd5 
6. d4 Ne4 7. O-O e6 8. Nc3 Nxc3 9. bxc3 Qc7 10. Bf4 Qxc3 
11. Rc1 Qa3 12. Qc2 Nb6 13. Qc7 f6 14. Rc5 Qa4 15. e4 dxe4 
16. Ne5 fxe5 17. Qxe5 Qd7 18. Bxe4 Bxc5 19. dxc5 Nd5 20. Bxd5 Qxd5 
21. Qxg7 Rf8 22. Bd6 Rf7 23. Qg8+ Kd7 24. Qxf7+ Kc6 25. Qe8+ Bd7 
26. Qxa8 Kb5 27. Qxa7 Kc4 28. Qa3 Bc6 29. Qb3+ 1-0

[Event "Skakligaen 2023-24"]
[Site "Denmark"]
[Date "2024.04.06"]
[Round "8.1"]
[Board "1"]
[White "Chatalbashev, Boris"]
[Black "Rasmussen, Allan Stig"]
[Result "1/2-1/2"]
[WhiteElo "2451"]
[BlackElo "2509"]
[PlyCount "78"]
[WhiteTeam "Fredericia"]
[BlackTeam "Frem"]
[WhiteTeamCountry "DEN"]
[BlackTeamCountry "DEN"]
[EventDate "2023.10.28"]
[EventType "team-tourn"]
[EventRounds "9"]
[EventCountry "DEN"]
[SourceTitle "Live v. Kasper Jerwiarz"]
[Table "1"]

1. Nf3 d5 2. g3 c6 3. Bg2 Bg4 4. O-O Nf6 5. d3 Nbd7 
6. Nbd2 e5 7. h3 Bh5 8. e4 dxe4 9. dxe4 Bc5 10. Qe1 Qc7 
11. a4 O-O 12. Nc4 Rfe8 13. b4 Bf8 14. Bb2 Bxf3 15. Bxf3 b5 
16. Ne3 Nb6 17. a5 Na4 18. Ba3 Rad8 19. c4 Rd4 20. cxb5 cxb5 
21. Nf5 Rd7 22. Qe3 a6 23. Rac1 Qb7 24. Rfd1 Rxd1+ 25. Rxd1 Qc6 
26. Qg5 Kh8 27. Rd6 Qc8 28. Rxf6 Qd8 29. Nxg7 Bxg7 30. Rf5 Qxg5 
31. Rxg5 Rc8 32. Rf5 Rc3 33. Rxf7 Rxa3 34. Bg4 Rd3 35. Ra7 Bf8 
36. Ra8 Kg7 37. Ra7+ Kh8 38. Ra8 Kg7 39. Ra7+ Kh8 1/2-1/2

[Event "Skakligaen 2023-24"]
[Site "Denmark"]
[Date "2024.04.06"]
[Round "8.2"]
[Board "2"]
[White "Hansen, Mads"]
[Black "Fries Nielsen, Jens Ove"]
[Result "1/2-1/2"]
[WhiteElo "2399"]
[BlackElo "2370"]
[PlyCount "96"]
[WhiteTeam "Frem"]
[BlackTeam "Fredericia"]
[WhiteTeamCountry "DEN"]
[BlackTeamCountry "DEN"]
[EventDate "2023.10.28"]
[EventType "team-tourn"]
[EventRounds "9"]
[EventCountry "DEN"]
[SourceTitle "Live v. Kasper Jerwiarz"]
[Table "2"]

1. e4 c6 2. d4 Na6 3. Nf3 d6 4. Nbd2 Nc7 5. Bd3 Bg4 
6. h3 Bh5 7. O-O Nf6 8. Re1 e6 9. Nf1 d5 10. e5 Nd7 
11. g4 Bg6 12. Ng3 Be7 13. c3 O-O 14. Kg2 c5 15. Be3 cxd4 
16. cxd4 Rc8 17. h4 Na6 18. a3 Qb6 19. Re2 Nc7 20. h5 Bxd3 
21. Qxd3 Qb5 22. Qd1 a5 23. Rc1 Na8 24. Rec2 Rxc2 25. Rxc2 Nab6 
26. Nd2 a4 27. Qc1 f6 28. exf6 Nxf6 29. Qd1 Nc4 30. g5 Nxe3+ 
31. fxe3 Nd7 32. h6 gxh6 33. gxh6 Rf6 34. Nf3 Rg6 35. Kf2 Bd6 
36. Nh5 Rxh6 37. Nh4 Bf8 38. Qg4+ Kf7 39. Rc8 Qxb2+ 40. Kf3 Qxa3 
41. Rc7 Qd6 42. Rxb7 Ke8 43. Ra7 Qc6 44. Ng2 Rg6 45. Qh3 Qc2 
46. Ra8+ Kf7 47. Nhf4 Qe4+ 48. Kf2 Rf6 1/2-1/2

[Event "Skakligaen 2023-24"]
[Site "Denmark"]
[Date "2024.04.06"]
[Round "8.3"]
[Board "3"]
[White "Kanov, Nikola Krasimirov"]
[Black "Dyrgaard, Kristoffer"]
[Result "1-0"]
[WhiteElo "2423"]
[BlackElo "2253"]
[PlyCount "113"]
[WhiteTeam "Fredericia"]
[BlackTeam "Frem"]
[WhiteTeamCountry "DEN"]
[BlackTeamCountry "DEN"]
[EventDate "2023.10.28"]
[EventType "team-tourn"]
[EventRounds "9"]
[EventCountry "DEN"]
[SourceTitle "Live v. Kasper Jerwiarz"]
[Table "3"]

1. e4 c5 2. Nf3 Nc6 3. d4 cxd4 4. Nxd4 Nf6 5. Nc3 e5 
6. Ndb5 d6 7. Bg5 a6 8. Na3 b5 9. Nd5 Be7 10. Bxf6 Bxf6 
11. c3 Bg5 12. Nc2 Rb8 13. g3 O-O 14. h4 Bh6 15. Bh3 Be6 
16. Ncb4 Nxb4 17. Nxb4 Qb6 18. Bxe6 fxe6 19. O-O a5 20. Nd3 b4 
21. cxb4 axb4 22. a4 bxa3 23. Rxa3 d5 24. Qe2 Qd4 25. Re1 Bd2 
26. Rd1 dxe4 27. Rxd2 Rbd8 28. b4 Rd6 29. b5 Rfd8 30. Kg2 Qd5 
31. Kh2 Rb8 32. Qd1 h6 33. f3 Rbd8 34. fxe4 Qxe4 35. b6 Qb7 
36. Raa2 Qd7 37. Qe2 e4 38. Qxe4 Rxb6 39. Nf4 Qxd2+ 40. Rxd2 Rxd2+ 
41. Kh3 Rd8 42. Qg6 Rf8 43. Nxe6 Rf7 44. Qe4 Rb8 45. Qd5 Kh8 
46. g4 Re8 47. g5 Rfe7 48. Nf4 Re4 49. Qf7 hxg5 50. hxg5 Re1 
51. Kg4 Rb8 52. Qa7 Rc8 53. Qf2 Rh1 54. Qg2 Rd1 55. g6 Re8 
56. Qh3+ Kg8 57. Qb3+ 1-0

[Event "Skakligaen 2023-24"]
[Site "Denmark"]
[Date "2024.04.06"]
[Round "8.4"]
[Board "4"]
[White "Ostergreen Johansen, Torben"]
[Black "Light, Bjarne"]
[Result "0-1"]
[WhiteElo "2144"]
[BlackElo "2230"]
[PlyCount "182"]
[WhiteTeam "Frem"]
[BlackTeam "Fredericia"]
[WhiteTeamCountry "DEN"]
[BlackTeamCountry "DEN"]
[EventDate "2023.10.28"]
[EventType "team-tourn"]
[EventRounds "9"]
[EventCountry "DEN"]
[SourceTitle "Live v. Kasper Jerwiarz"]
[Table "4"]

1. d4 Nf6 2. Bf4 d5 3. e3 c5 4. Nf3 Nc6 5. Nbd2 Bg4 
6. Bb5 a6 7. Bxc6+ bxc6 8. h3 Bxf3 9. Nxf3 Qb6 10. O-O e6 
11. c4 Be7 12. dxc5 Bxc5 13. cxd5 cxd5 14. Qa4+ Qb5 15. Qxb5+ axb5 
16. Rfc1 Ne4 17. Nd4 Bxd4 18. exd4 g5 19. Be5 O-O 20. f3 Nd2 
21. Bd6 Rfc8 22. Bb4 Nc4 23. b3 Ne3 24. Bc5 f5 25. g4 Kf7 
26. Kf2 f4 27. Ke2 h5 28. Kd3 hxg4 29. hxg4 Rh8 30. Bd6 Rh2 
31. Rc7+ Kg6 32. Be5 Nc4 33. Rg7+ Kh6 34. Re7 b4 35. Rxe6+ Kh7 
36. Bxf4 gxf4 37. Re2 Rxe2 38. Kxe2 Na3 39. Rh1+ Kg6 40. Rh5 Nb5 
41. Kd3 Nc3 42. Rf5 Rxa2 43. Rxf4 Ne2 44. Rf8 Nc1+ 45. Ke3 Re2+ 
46. Kf4 Nxb3 47. Rb8 Nc1 48. Rb6+ Kf7 49. Kf5 Nd3 50. g5 Re7 
51. g6+ Kg7 52. Kg5 Re8 53. f4 Nf2 54. Rb7+ Kg8 55. Rxb4 Ne4+ 
56. Kf5 Nd6+ 57. Kf6 Ne4+ 58. Kf5 Rf8+ 59. Ke5 Kg7 60. Kxd5 Nf6+ 
61. Ke6 Kxg6 62. f5+ Kg5 63. d5 Re8+ 64. Kf7 Rd8 65. Rd4 Kxf5 
66. Rd1 Rd7+ 67. Kf8 Nxd5 68. Rf1+ Nf4 69. Ke8 Ra7 70. Kd8 Ke5 
71. Kc8 Nd5 72. Rh1 Rg7 73. Rh5+ Kd6 74. Rh6+ Kc5 75. Rh5 Kd6 
76. Rh6+ Kc5 77. Rh5 Rg6 78. Kd7 Rd6+ 79. Ke8 Kc6 80. Rh1 Re6+ 
81. Kf7 Kd6 82. Rd1 Re2 83. Rf1 Re7+ 84. Kg6 Re5 85. Rd1 Ke6 
86. Rf1 Ne7+ 87. Kg7 Rg5+ 88. Kh6 Rg2 89. Kh5 Nf5 90. Re1+ Kf6 
91. Rg1 Ng3+ 0-1

[Event "Skakligaen 2023-24"]
[Site "Denmark"]
[Date "2024.04.06"]
[Round "8.5"]
[Board "5"]
[White "Schwarz, Frank"]
[Black "Le Besq, Alexander"]
[Result "0-1"]
[WhiteElo "2252"]
[BlackElo "2198"]
[PlyCount "106"]
[WhiteTeam "Fredericia"]
[BlackTeam "Frem"]
[WhiteTeamCountry "DEN"]
[BlackTeamCountry "DEN"]
[EventDate "2023.10.28"]
[EventType "team-tourn"]
[EventRounds "9"]
[EventCountry "DEN"]
[SourceTitle "Live v. Kasper Jerwiarz"]
[Table "5"]

1. e4 e5 2. Nf3 Nc6 3. d4 exd4 4. Nxd4 Nf6 5. Nxc6 bxc6 
6. e5 Qe7 7. Qe2 Nd5 8. h4 Qe6 9. Nd2 Nb4 10. Nf3 Ba6 
11. c4 c5 12. a3 Nc6 13. Bd2 Be7 14. Bc3 O-O 15. O-O-O Rad8 
16. Ng5 Qh6 17. Rh3 f6 18. f4 fxg5 19. hxg5 Qe6 20. Qe4 g6 
21. Bd3 Rf7 22. Rdh1 Rg7 23. g3 Bb7 24. R1h2 Rf8 25. Kb1 Nd8 
26. Qe2 Rff7 27. Rh6 Kf8 28. f5 Rxf5 29. Bxf5 Qxf5+ 30. Ka1 Bxg5 
31. Rxh7 Rxh7 32. Rxh7 Be4 33. Rh2 Bd3 34. Qe1 Ke7 35. Bd2 Bxd2 
36. Qxd2 Bxc4 37. Rh1 Bf7 38. Rd1 Qe6 39. Qg5+ Ke8 40. Kb1 Qa2+ 
41. Kc1 Qa1+ 42. Kd2 Qxb2+ 43. Ke3 Qc3+ 44. Kf2 Qc2+ 45. Ke1 Qe4+ 
46. Kd2 Nc6 47. Re1 Qd4+ 48. Kc2 Qc4+ 49. Kd2 Qd5+ 50. Kc1 Nd4 
51. Re3 Nb3+ 52. Kb2 Qd2+ 53. Kb1 Qc1+ 0-1